Ends in 'AC' Quiz Stats

Quiz Updated Aug 26, 2016

Also try: Ends in 'GUE'
Challenge
Share
Tweet
Embed
Score 0/20 Timer 05:00
6 Plays Today
Clue Thing % Correct
A book published annually filled with updated data and infoalmanac
94.2%
Relating to the heartcardiac
89.2%
The 12 astrological signszodiac
86.7%
A food, drink, or drug that stimulates sexual desireaphrodisiac
83.7%
Pale pinkish-violet or a flower of that colorlilac
80%
The luxury car division of General MotorsCadillac
78.1%
Street or passage closed at one end (hyph.)cul-de-sac
74.7%
A trademarked material used for surfacing runwaystarmac
71.8%
A brandy made from white French winescognac
70.2%
Author Jack who wrote 'On The Road'Kerouac
65%
Clue Thing % Correct
Brand name of the antidepressant, FluoxetineProzac
57.3%
A very intelligent person who is probably a bit nerdybrainiac
56.6%
Helicopter for removing injured soldiers from a battlefieldmedevac
56%
Shrub that comes as an itch-inducing 'poison' varietysumac
52.7%
A syrup used to cause medical vomitingipecac
46.3%
Military encampment made with tentsbivouac
42.5%
Resin melted into thin flakes, used for making varnishshellac
40.4%
Australia's national remembrance dayAnzac
31.5%
A knobby-shaped root vegetableceleriac
22.8%
Southeast Asian small deer that 'barks'muntjac
6.8%

You're not logged in!

Compare scores with friends on all Sporcle quizzes.
Sign Up with Email
OR
Log In

You Might Also Like...

Show Comments

Extras

Top Quizzes Today


Score Distribution

Your Account Isn't Verified!

In order to create a playlist on Sporcle, you need to verify the email address you used during registration. Go to your Sporcle Settings to finish the process.